| 000 | 01554nam a2200325Ia 4500 | ||
|---|---|---|---|
| 001 | E5269 | ||
| 003 | IT-RoPAU | ||
| 008 | 130308s9999 xx 000 0 und d | ||
| 040 | _aIT-RoPAU | ||
| 040 | _cIT-RoPAU | ||
| 041 | _aITALIANO | ||
| 100 | _aGutbrod Karl | ||
| 100 | _gCodice Aut. SPICS: 48474 | ||
| 240 | _aEIN WEG ZU DEN GLEICHNISSEN JESU | ||
| 240 | _gCodice Tit. Orig. Spics: T3061 | ||
| 245 | _aGuida alle parabole di Gesù | ||
| 245 | _bGuida Alle parabole di Gesù | ||
| 250 | _a1a ed. | ||
| 260 | _aBRESCIA | ||
| 260 | _bPaideia | ||
| 260 | _c1980 [1° Ed.:1980 - Ed.Ling.Originale:1967] | ||
| 300 | _a"80 p. (prefazione: no ; testo: 80)" | ||
| 500 | _aParabola Come Strumento dell'Attività Salvifica di Gesu': Parabola Come Forma Letteraria, forme delle parabole di Gesu', Difficoltà nella Comprensione delle parabole di Gesu', Cultura Biblica e Uso Peculiare delle Paraboleda parte di Gesu', Modello Narrativo di Lc. 7,36 50. Una Chiave per le parabole di Gesu': Regolarità nelle parabole di Gesu', Metodo per la Lettura delle parabole di Gesu'. Teoria dell'Indurimento Intenzionale. verifica della Chiave Sulla Parabola del Seminatore: Esegesi della Parabola del Seminatore, cosiddetta spiegazione della Parabola del Seminatore, Parabola del Seminatore e Discorso Sul Seminatore, un Metodo per L'Uso della Parabola del Seminatore e del Discorso del Seminatore. | ||
| 650 | _aSTUDI/COMMENTI SULLA BIBBIA | ||
| 650 | _eCodice materia Spics: 9052 | ||
| 942 | _cBK | ||
| 957 | _71 | ||
| 999 |
_c75644 _d75644 |
||
| 999 | _bSI | ||
| 999 | _g1 | ||